Quiz sur Obi-Wan Kenobi - Statistiques

Statistiques générales
  • Ce quiz a été pris 49 fois
  • Le résultat moyen est 15 sur 20
Statistiques - réponses
Hint Réponse % Correct
À quel apprenti Jedi Obi-Wan a-t-il donné sa première formation ? Anakin Skywalker
97%
Qui tue Obi-Wan Kenobi ? Darth Vader
97%
Quel est le prénom de son maître Jedi ? Qui-Gon
97%
Qui Obi-Wan confie-t-il à Bail Organa ? Leia
92%
Sur quelle planète Obi-Wan cache-t-il Luke Skywalker ? Tatooine
92%
Avec qui Obi-Wan se bat-il à la fin de l’épisode I ? Darth Maul
89%
Sur quelle planète tue-t-il Darth Maul ? Naboo
89%
Quel est le surnom d’Obi-Wan dans A New Hope ? Ben Kenobi
86%
Sur quelle planète affronte-t-il Anakin Skywalker ? Mustafar
86%
Dans quel film Obi-Wan utilise-t-il un blaster ? Revenge of the Sith
83%
Quel est le nom du comte que combat Obi-Wan dans les épisodes II et III ? Comte Dooku
81%
Où Obi-Wan meurt-il ? l'Etoile de la mort
75%
Quel acteur incarne Obi-Wan Kenobi dans les épisodes I à III ? Ewan McGregor
64%
Quelle coupe de cheveux a Obi-Wan dans Episode I ? Une tresse de padawan
64%
Quelle phrase dit-il en affrontant Grievous ( en VO ) Hello There
61%
Quel clone est proche d’Obi-Wan pendant la guerre ? Commandant Cody
56%
Sur quelle planète Obi-Wan affronte-t-il Jango Fett ? Kamino
56%
Quel rang Obi-Wan atteint-il après la mort de Qui-Gon Jinn ? Chevalier Jedi
53%
Quel est le nom de l’Inquisitrice qui traque Obi-Wan ? Reva ( Troisième Soeur )
44%
Sur quelle planète Obi-Wan affronte le général Grievous ? Utapau
31%
Aucun quiz correspondant
Distribution des résultats
% des personnes avec chaque résultat
Percentile par nombre de réponses
Votre historique - résultats
Vous n’avez pas pris ce quiz